Rozpočtovanie a ceny v IVTR

Guardado en:
Detalles Bibliográficos
Autor principal: Plichta, Juraj
Autor Corporativo: Vysoká škola ekonomická v Bratislave. Národohospodárska fakulta
Formato: Libro
Lenguaje:eslovaco
Publicado: Bratislava VŠE 1986
Etiquetas: Agregar Etiqueta
Sin Etiquetas, Sea el primero en etiquetar este registro!

MARC

LEADER 00000nam a2200000 4500
001 c104027
005 20190107140510.5
041 0 |a slo 
044 |a SK 
245 1 0 |a Rozpočtovanie a ceny v IVTR  |c Juraj Plichta 
264 1 |a Bratislava  |b VŠE  |c 1986 
300 |a 144 s. 
100 1 |a Plichta, Juraj 
710 2 |a Vysoká škola ekonomická v Bratislave. Národohospodárska fakulta